• 首页
  • 本馆介绍
  • 公告通知
  • 最新文献
  • 馆藏检索
  • 电子资源
  • 读者导购
  • 参考咨询
  • 我的图书馆
  • 登录
  • 详细信息显示
  • 放入我的书架
  • 预约/预借图书
  • 作者相关作品
  • 分类相关作品
  • 丛书相关作品
  • 出版社相关作品

书目信息

  • 表格格式
  • 工作单格式
  • 卡片格式
题名:
青琐高议
    
 
作者: 刘斧撰 辑
分册:  
出版信息: 上海   上海古籍出版社  1983.5
页数: 272页
开本: 32开
丛书名: 宋元笔记丛书
单 册:
中图分类: I242.1
科图分类: 242.1
主题词: 小说--中国
电子资源:
ISBN:
000 00623nam0 2200241 45
001 0203261305
005 20031219104057.5
010    @dCNY0.84
091    @a10186.386
100    @a20020326d1983 km y0chiy0120 ea
101    @achi
105    @ay z 000ay
200 1  @a青琐高议@AQing Suo Gao Yi@f(宋)刘斧撰辑@F(Song)Liu Fu Zhuan Ji
210    @a上海@c上海古籍出版社@d1983.5
215    @a272页@d32开
225    @a宋元笔记丛书
410    @12001 @a宋元笔记丛书
606 0  @a小说@x中国
690    @aI242.1@v3
692    @a242.1
701 0  @a刘斧撰@4辑
801    @aCN@bTSTC@c20020930
905    @dI242.1@e26@f1@b159871
    
    青琐高议/(宋)刘斧撰辑.-上海:上海古籍出版社,1983.5
    272页;32开.-(宋元笔记丛书)
    
    
    ISBN :CNY0.84
    
●
相关链接 在E读中查询图书 在五车中查询图书 在当当中查询图书 在豆瓣中查询图书


正题名:青琐高议     索取号:I242.1/26         预约/预借

序号 登录号 条形码 馆藏地/架位号 状态 备注
1 0159871   000779198   密集书库/ [索取号:I242.1/26] 在馆    
唐山师范学院图书馆 欢迎您!
大连网信软件有限公司© 版权所有